000 00280nam a2200145Ia 4500
100 _aSingh Khushwant
650 _aFiciton
942 _cBK
366 _f20
245 _aTrain to Pakistan
260 _bRavi Dhayal
_c2007
300 _a190
546 _aENGLISH
999 _c30440
_d30440